000
00303nam a22001217a 4500
050
_a
PR 6053
_b
.O52 C6
100
_a
Cookson, Catherine
245
_a
The whip
260
_a
NewyorkP:
_b
Summit books,
_c
1983.
300
_a
370p.
650
_b
Great Britain
_v
Working class
_x
Families
942
_2
lcc
_c
GEN
999
_c
10682
_d
10682